USSR, the politics of oligarchy /

Bibliographic Details
Main Author: Hammer, Darrell P.
Format: Book
Language:English
Published: New York : Praeger, [1974]
Series:Modern comparative politics series.
Subjects:

MARC

Tag First Indicator Second Indicator Subfields
LEADER 00000cam a2200000 a 4500
001 in00000082899
005 20151008054250.0
008 780201s1974 nyuab b 00110 eng d
010 |a  73017726  
020 |a 0030777755 
035 |a (OCoLC)03595189 
035 |9 AAJ0140AM 
040 |a BUF  |c BUF  |d TXA  |d UtOrBLW 
043 |a e-ur--- 
049 |a TXAM  |c [1387154] 
090 |a JN6515 1974  |b .H35 1974a 
100 1 |a Hammer, Darrell P. 
245 1 0 |a USSR, the politics of oligarchy /  |c Darrell P. Hammer. 
264 1 |a New York :  |b Praeger,  |c [1974] 
264 4 |c ©1974 
300 |a xii, 452 pages :  |b illustrations, maps ;  |c 21 cm. 
336 |a text  |b txt  |2 rdacontent 
337 |a unmediated  |b n  |2 rdamedia 
338 |a volume  |b nc  |2 rdacarrier 
490 1 |a Modern comparative politics series 
500 |a Includes index. 
504 |a Bibliography: pages 430-442. 
651 0 |a Soviet Union  |x Politics and government  |y 1953-1985. 
830 0 |a Modern comparative politics series. 
999 |a MARS 
999 f f |s 2cc6d9c4-52dc-3ee6-8715-278a8649ac48  |i d9301b6a-3c14-344a-9caf-56600d60907f  |t 0 
952 f f |p ric  |a Texas A&M University  |b Rellis Campus  |c Joint Library Facility  |d Remote Storage  |t 0  |e JN6515 1974 .H35 1974a  |h Library of Congress classification  |i unmediated -- volume  |m A14806152014 
998 f f |a JN6515 1974 .H35 1974a  |t 0  |l Remote Storage